Normal view
MARC view
- The Practical Use of Fracture Mechanics
Entry Topical Term
001 - CONTROL NUMBER
- control field: 123710
003 - CONTROL NUMBER IDENTIFIER
- control field: NUST
005 - DATE AND TIME OF LATEST TRANSACTION
- control field: 20240614093655.0
008 - FIXED-LENGTH DATA ELEMENTS
- fixed length control field: 240614|| aca||aabn | a|a d
040 ## - CATALOGING SOURCE
- Original cataloging agency: NUST
- Transcribing agency: NUST
150 ## - HEADING--TOPICAL TERM
- Topical term or geographic name entry element: The Practical Use of Fracture Mechanics
670 ## - SOURCE DATA FOUND
- Source citation: Work cat.: (NUST): Broek, David 40801, The Practical Use of Fracture Mechanics, 1989.
